000 00405nam a22001577a 4500
003 CEME
005 20210628204033.0
008 210105b xxu||||| |||| 00| 0 eng d
020 _a158488182
040 _cceme
082 _a521.38484 MAH
100 _aMahafza, Bassem R
_956714
245 _a Radar systems analysis and design using matlab
260 _aUSA
_bCHAMPMAN & HALL
_c2000
942 _cBK
_2ddc
999 _c575965
_d575965